The biomass assessment handbook : bioenergy for a sustainable environment /

Bibliographic Details
Corporate Author: Knovel (Firm)
Other Authors: Rosillo Callé, Francisco, 1945-
Format: eBook
Language:English
Published: London : Earthscan, 2007.
Subjects:
Online Access:Connect to the full text of this electronic book

MARC

Tag First Indicator Second Indicator Subfields
LEADER 00000cam a2200000Ia 4500
001 in00003829513
005 20190415175250.0
006 m o d
007 cr cnu---unuuu
008 070409s2007 enka ob 001 0 eng d
019 |a 311079716  |a 320322967  |a 607815983  |a 614530898  |a 644848702  |a 648169397  |a 722547468  |a 728039709  |a 756710272 
020 |a 9781849772884  |q (electronic bk.) 
020 |a 1849772886  |q (electronic bk.) 
020 |a 9781601197047  |q (electronic bk.) 
020 |a 1601197047  |q (electronic bk.) 
020 |a 1844072851 
020 |a 9781844072859 
035 |a (OCoLC)ocn122898635 
035 |a (OCoLC)122898635  |z (OCoLC)311079716  |z (OCoLC)320322967  |z (OCoLC)607815983  |z (OCoLC)614530898  |z (OCoLC)644848702  |z (OCoLC)648169397  |z (OCoLC)722547468  |z (OCoLC)728039709  |z (OCoLC)756710272 
037 |b Knovel Corporation  |n http://www.knovel.com 
040 |a N$T  |b eng  |e pn  |c N$T  |d YDXCP  |d N$T  |d OCLCQ  |d EBLCP  |d IDEBK  |d OCLCQ  |d KNOVL  |d ADU  |d E7B  |d OCLCE  |d FVL  |d DKDLA  |d OCLCQ  |d KNOVL  |d ZCU  |d OCLCF  |d KNOVL  |d COO  |d OCLCQ  |d TYFRS  |d KNOVL  |d DEBSZ  |d OCLCQ  |d UtOrBLW 
042 |a dlr 
049 |a TXAM 
050 4 |a TP339  |b .B547 2007eb 
070 |a TP339  |b .B547 2007 
072 7 |a SCI  |x 088000  |2 bisacsh 
072 7 |a NAT  |x 037000  |2 bisacsh 
082 0 4 |a 333.9539  |2 22 
245 0 4 |a The biomass assessment handbook :  |b bioenergy for a sustainable environment /  |c edited by Frank Rosillo-Calle [and others]. 
264 1 |a London :  |b Earthscan,  |c 2007. 
300 |a 1 online resource (xxiii, 269 pages) :  |b illustrations 
336 |a text  |b txt  |2 rdacontent 
337 |a computer  |b c  |2 rdamedia 
338 |a online resource  |b cr  |2 rdacarrier 
504 |a Includes bibliographical references and index. 
505 0 |a Overview of biomass energy / Frank Rosillo-Calle -- General introduction to the basis of biomass assessment / Frank Rosillo-Calle, Peter de Groot, and Sarah L. Hemstock -- Assessment methods for woody biomass supply / Frank Rosillo-Calle, Peter de Groot, and Sarah L. Hemstock -- Non-woody biomass and secondary fields / Frank Rosillo-Calle, Peter de Groot, and Sarah L. Hemstock -- Assessment of biomass consumption / Sarah L. Hemstock -- Remote sensing techniques for biomass production and carbon sequestration projects / S. Das and N.H. Ravindaranth -- Case studies -- Appendices. 
588 0 |a Print version record. 
538 |a Master and use copy. Digital master created according to Benchmark for Faithful Digital Reproductions of Monographs and Serials, Version 1. Digital Library Federation, December 2002.  |u http://purl.oclc.org/DLF/benchrepro0212  |5 MiAaHDL 
583 1 |a digitized  |c 2010  |h HathiTrust Digital Library  |l committed to preserve  |2 pda  |5 MiAaHDL 
500 |a Electronic resource. 
650 0 |a Biomass  |x Measurement. 
650 7 |a SCIENCE  |x Life Sciences  |x Biological Diversity.  |2 bisacsh 
650 7 |a NATURE  |x Animals  |x Wildlife.  |2 bisacsh 
650 7 |a Biomass  |x Measurement.  |2 fast  |0 (OCoLC)fst00832524 
653 |a Handbooks 
655 7 |a Electronic books.  |2 local 
700 1 |a Rosillo Callé, Francisco,  |d 1945-  |0 http://id.loc.gov/authorities/names/n82141743 
710 2 |a Knovel (Firm)  |0 http://id.loc.gov/authorities/names/nr2001027264 
776 1 8 |i Print version:  |t Biomass assessment handbook.  |d London : Earthscan, 2007  |z 9781844072859  |w (OCoLC)67873212 
856 4 0 |u http://proxy.library.tamu.edu/login?url=http://app.knovel.com/hotlink/toc/id:kpBAHBSE03/biomass-assessment-handbook  |z Connect to the full text of this electronic book  |t 0 
999 f f |s e612e8bc-ca54-3632-b09a-b0a2faf15381  |i aec1a101-94d6-3427-b2ef-79ccf2102e58  |t 0 
952 f f |a Texas A&M University  |b College Station  |c Electronic Resources  |d Available Online  |t 0  |e TP339 .B547 2007eb  |h Library of Congress classification 
998 f f |a TP339 .B547 2007eb  |t 0  |l Available Online